02016nam a2200217 a 4500008004100000020001500041041000800056092001700064100002800081245007000109250004600179260003100225300001100256500009900267505110400366590006801470655002101538942001301559999001501572952021101587190917t2000 sp |||g |||| 001 0 spa d a844131344x aspa c808l79sSIN1 aSinoué, Gilbert93469 3aEl libro de zafiro.bNueva novela histórica /cGilbert Sinoué a1a ed.bTraducción Manuel Serrat Crespo aBarcelona:bPlural;c2000. a494 p. aSinoue, G. (2000). El libro de zafiro. Nueva novela histórica. (1a ed.). Barcelona : Plural. aManuela Vivero, designada por la reina Isabel para que la represente durante la celebración del auto de fe que transcurre en Toledo el 28 de abril de 1478, rompe el protocolo y huye conmocionada. Los ojos de Aben Baruel se han clavado en los suyos antes de que el hombre se encaminara, con paso firme y el asomo de una sonrisa, hacia las llamas. Esa mirada es apenas un anticipo de las aventuras que Manuela vivirá tras su encuentro con un anciano rabino, un maduro abencerraje y un joven franciscano. Ellos han sido los elegidos por Baruel para descifrar un complejo criptograma cuya resolución, solo al alcance de inteligencias tan excepcionales como las suyas, debe conducirlos al escondite de Libro de zafiro que él estudió hasta su muerte. El mensaje que figura en el libro permanece inédito, pero consta como escrito por la mano de Dios. Un texto de semejante envergadura podría poner en peligro los cimientos de la Iglesia y la casi conseguida unidad de España, o así lo creen Torquemada y la propia reina Isabel, dispuestos a lo que sea preciso para conjurar tales riesgos. a Proyecto 4to libro, Donación Maria Vitarelli, Diciembre 2017 aLiteratura92917 2ddccLIT c2620d2620 00102ddc4070aBFMbBFMcCRd2017-12-27eDonación Maria Vitarelli, Diciembre 2017l0o808 79 SINp4126r2017-12-27tEj. 1w2017-12-27yLITzProyecto 4to libro. Donación Maria Vitarelli, Diciembre 2017